| 000 | 00869cam a2200229 i 4500 | ||
|---|---|---|---|
| 005 | 20160206155345.0 | ||
| 008 | 030721s1999 ck a r 000 0 spa d | ||
| 015 | _aSSS | ||
| 020 | _a9583312843 | ||
| 040 |
_aCO-BoPUJ _cCO-BoIAVH _dCO-BoIAVH |
||
| 041 | 0 | _aspa | |
| 043 | _as-ck--- | ||
| 044 | _ack | ||
| 082 | 0 | 4 |
_a631.45 _bP96p |
| 245 | 0 | 4 |
_aLos procesos erosivos en una perspectiva sociocultural / _cpresentación Hernándo Martínez Aguilera, Iván Orlando Briceño Chávez y Alois Kohler. |
| 260 |
_aVillavicencio, Colombia : _bDuplolito, _c1999. |
||
| 300 |
_a138 páginas : _bilustraciones, fotos y mapas ; _c16 cm. |
||
| 504 | _aIncluye referencias bibliográficas. | ||
| 650 | 1 | 4 |
_aErosión de suelos _zRío guatiquía (Villavicencio, Colombia) |
| 650 | 2 | 4 |
_aUso de la tierra _zRío guatiquía (Villavicencio, Colombia) |
| 942 |
_2ddc _cLIBRO |
||
| 999 |
_c2583 _d2583 |
||